000 00912nam a22002057a 4500
005 20250210114446.0
008 250210b ||||| |||| 00| 0 eng d
020 _a9781032768137
040 _cAL
041 _aeng
082 _223
_a641.302
_bBRIH
100 _aRaymond Bridwell
_9198685
245 _aHydroponic gardening
_b: the magic of modern hydroponics for the home gardener
260 _aLondon
_bCRC Press
_c2024
300 _a216p
_bHB
_c23x15.5cm.
365 _2General
_a6390
_b₹1356.00
_c
_d₹1695.00
_e20%
_f6/02/2025
520 _aThis book explains the basic techniques of hydroponic gardening that help home gardener to do their gardening with a lot more relaxation and enjoyment and a much greater return of nutritious food, showing how to use simple automated systems to harvest fresh, abundant crops year-round.
650 _2Home and Family Management
_aFood
_9198686
942 _2ddc
_cBK
999 _c233737
_d233737